LIBRARY & INFORMATION CENTRE, KCAET, TAVANUR

ONLINE PUBLIC ACCESS CATALOGUE (OPAC)

Fundamentals of soil behaviour (Record no. 14071)

MARC details
000 -LEADER
fixed length control field 00428nam a22001697a 4500
003 - CONTROL NUMBER IDENTIFIER
control field OSt
008 - FIXED-LENGTH DATA ELEMENTS--GENERAL INFORMATION
fixed length control field 250328b |||||||| |||| 00| 0 eng d
020 ## - INTERNATIONAL STANDARD BOOK NUMBER
ISBN 9788126538539
082 ## - DEWEY DECIMAL CLASSIFICATION NUMBER
Classification number 624.151
Item number MIT/FU
100 ## - MAIN ENTRY--AUTHOR NAME
Personal name Mitchell, James K
245 ## - TITLE STATEMENT
Title Fundamentals of soil behaviour
250 ## - EDITION STATEMENT
Edition statement 3rd
260 ## - PUBLICATION, DISTRIBUTION, ETC. (IMPRINT)
Place of publication New Delhi
Name of publisher CBS Publishers & Distributors
Year of publication 2013
300 ## - PHYSICAL DESCRIPTION
Number of Pages 577p
700 ## - ADDED ENTRY--PERSONAL NAME
Personal name Soga, Kenichi
942 ## - ADDED ENTRY ELEMENTS (KOHA)
Koha item type Books
Holdings
Withdrawn status Lost status Damaged status Collection code Home library Current library Shelving location Date acquired Cost, normal purchase price Full call number Accession Number Koha item type
        KAUAET KAUAET General Stacks 15/02/2014 1495.00 624.151 MIT/FU 23983 Books
free website counter